Famous Soviets by Picture - Statistics

General Stats
  • This quiz has been taken 30 times
  • The average score is 8 of 12
Answer Stats
Picture Answer % Correct
Joseph Stalin
100%
Vladimir Lenin
100%
Mikhail Gorbachev
96%
Boris Yeltsin
92%
Leon Trotsky
85%
Yuri Gagarin
85%
Leonid Brezhnev
69%
Georgy Zhukov
62%
Yuri Andropov
54%
Andrei Sakharov
8%
Vassily Zaitsev
4%
Ethel Rosenberg
0%
No matching quizzes found
Score Distribution
Percent of People with Each Score
Percentile by Number Answered
Your Score History
You have not taken this quiz